Kinetic processes : Crystal growth, diffusion, and phase transitions

Kaydedildi:
Detaylı Bibliyografya
Yazar: Jackson, Kenneth A.
Materyal Türü: Kitap
Dil:Undetermined
Baskı/Yayın Bilgisi: Weinheim Wiley-VCH Verlag GmbH & Co. 2004
Konular:
Etiketler: Etiketle
Etiket eklenmemiş, İlk siz ekleyin!
Thư viện lưu trữ: Trung tâm Học liệu Trường Đại học Cần Thơ
LEADER 00616nam a2200205Ia 4500
001 CTU_93948
008 210402s9999 xx 000 0 und d
020 |c 126.10 
082 |a 530.13 
082 |b J12 
100 |a Jackson, Kenneth A. 
245 0 |a Kinetic processes : 
245 0 |b Crystal growth, diffusion, and phase transitions 
245 0 |c Kenneth A. Jackson 
260 |a Weinheim 
260 |b Wiley-VCH Verlag GmbH & Co. 
260 |c 2004 
650 |a Kinetic processes,Phase transformations (Statistical physics) 
904 |i Tuyến 
980 |a Trung tâm Học liệu Trường Đại học Cần Thơ